Thực tập hóa sinh

Salvato in:
Dettagli Bibliografici
Autore principale: Nguyễn, Nghiêm Luật
Natura: Libro
Lingua:Undetermined
Pubblicazione: Hà Nội Y Học 2003
Soggetti:
Tags: Aggiungi Tag
Nessun Tag, puoi essere il primo ad aggiungerne! !
Thư viện lưu trữ: Trung tâm Học liệu Trường Đại học Cần Thơ
LEADER 00599nam a2200229Ia 4500
001 CTU_59281
008 210402s9999 xx 000 0 und d
020 |b 28000 
082 |a 547.7072 
082 |b L504 
100 |a Nguyễn, Nghiêm Luật 
245 0 |a Thực tập hóa sinh 
245 0 |c Nguyễn Nghiêm Luật 
260 |a Hà Nội 
260 |b Y Học 
260 |c 2003 
526 |a TT. Sinh hóa 
526 |b SP406 
650 |a Biochemistry 
650 |x Laboratory manuals 
904 |i Minh 
980 |a Trung tâm Học liệu Trường Đại học Cần Thơ